000 01254nam a22003257a 4500
003 OSt
005 20140220085319.0
008 130620b19381965eng||||| |||| 00| 0 eng d
040 _cBMC
082 _a876
082 _a177.6
082 _a305.26
100 1 _9278
_aCicerón, Marco Tulio
245 _aLetters of Marcus Tullius Cicero : with his treatises on friendship ans old age / translated by E. S. Shuckburgh . Letters of Gaius Plinius Caecilius Secundus
_ctranslated by William Melmoth, revised by F. C. T. Bosanquet
250 _a56th printing
260 _aNew York
_bP.F. Collier & Son
_c1965
300 _a416 p.
_b22 cm
490 0 _aThe Harvard classics / edited by Charles W. Elliot
_v9
500 _aEn la port.: With introduction and notes
600 4 _9278
_aCicerón, Marco Tulio
_xCorrespondencia
600 4 _91453
_aPlinio Cecilio Segundo, Cayo
_xCorrespondencia
650 2 4 _91467
_aVejez
650 2 4 _91466
_aAmistad
650 2 4 _91462
_aCartas latinas
700 1 _91453
_aPlinio Cecilio Segundo, Cayo
700 1 _91455
_aShuckburgh, Evelyn S.‏ ‎
_d1843-1906‏
_q(Evelyn Shirley)
700 1 _91458
_aBosanquet, Fredrick Charles Tindal‏
700 1 _91379
_aEliot, Charles William
_d1834-1926‏
942 _2ddc
_cBK
999 _c950
_d950